[Event "Ukrainian Women - 2013"]
[Site "http://ukrchess.org.ua/"]
[Date "2013.06.25"]
[Round "8.1"]
[White "Gaponenko, Inna"]
[Black "Muzychuk, Mariya"]
[Result "0-1"]
[LiveChessVersion "1.4.2"]
[BlackElo "2484"]
[WhiteElo "2393"]

1. e4 {[%clk 1:30:54]} c5 {[%clk 1:30:51]} 2. Nf3 {[%clk 1:31:14]} e6
{[%clk 1:31:01]} 3. d4 {[%clk 1:30:50]} cxd4 {[%clk 1:30:58]} 4. Nxd4
{[%clk 1:31:15]} a6 {[%clk 1:30:37]} 5. Bd3 {[%clk 1:31:14]} Bc5 {[%clk 1:30:20]}
6. Nb3 {[%clk 1:30:52]} Ba7 {[%clk 1:30:23]} 7. O-O {[%clk 1:30:02]} Ne7
{[%clk 1:30:15]} 8. Qe2 {[%clk 1:29:30]} d6 {[%clk 1:27:47]} 9. Be3
{[%clk 1:23:25]} e5 {[%clk 1:20:44]} 10. c4 {[%clk 1:15:27]} Nbc6
{[%clk 1:20:32]} 11. Nc3 {[%clk 0:58:04]} O-O {[%clk 1:17:34]} 12. Bxa7
{[%clk 0:53:51]} Rxa7 {[%clk 1:17:42]} 13. Rfd1 {[%clk 0:53:15]} Be6
{[%clk 1:08:56]} 14. Qe3 {[%clk 0:51:18]} Qb8 {[%clk 1:06:19]} 15. Be2
{[%clk 0:46:25]} b6 {[%clk 0:52:01]} 16. Rd2 {[%clk 0:09:31]} f5 {[%clk 0:45:15]}
17. Nd5 {[%clk 0:08:07]} Rb7 {[%clk 0:35:59]} 18. Rad1 {[%clk 0:03:29]} f4
{[%clk 0:17:05]} 19. Qc3 {[%clk 0:02:11]} Rd8 {[%clk 0:17:21]} 20. h3
{[%clk 0:00:50]} a5 {[%clk 0:15:12]} 21. a4 {[%clk 0:01:17]} Rbd7
{[%clk 0:14:43]} 22. Bg4 {[%clk 0:01:16]} Bxg4 {[%clk 0:14:49]} 23. hxg4
{[%clk 0:01:46]} Nxd5 {[%clk 0:14:25]} 24. Rxd5 {[%clk 0:00:46]} Nb4
{[%clk 0:14:37]} 25. R5d2 {[%clk 0:00:45]} Qc7 {[%clk 0:14:35]} 26. f3
{[%clk 0:00:42]} Rc8 {[%clk 0:06:43]} 27. c5 {[%clk 0:00:35]} bxc5
{[%clk 0:06:58]} 28. Qc4+ {[%clk 0:00:48]} Kf8 {[%clk 0:05:44]} 29. Qb5
{[%clk 0:00:36]} c4 {[%clk 0:05:07]} 30. Nxa5 {[%clk 0:00:40]} Rb8
{[%clk 0:04:24]} 31. Qxc4 {[%clk 0:00:45]} Qxa5 {[%clk 0:04:44]} 32. Rxd6
{[%clk 0:00:45]} Rxd6 {[%clk 0:02:52]} 33. Rxd6 {[%clk 0:01:14]} Qa7+
{[%clk 0:01:56]} 34. Kh2 {[%clk 0:00:46]} Qe7 {[%clk 0:01:25]} 35. Rd1
{[%clk 0:00:56]} g6 {[%clk 0:01:25]} 36. a5 {[%clk 0:00:54]} Ra8 {[%clk 0:01:30]}
37. Qb5 {[%clk 0:00:53]} Ra7 {[%clk 0:01:21]} 38. Rc1 {[%clk 0:00:38]} Kg7
{[%clk 0:01:16]} 39. g3 {[%clk 0:00:36]} fxg3+ {[%clk 0:01:19]} 40. Kxg3
{[%clk 0:31:00]} Rd7 {[%clk 0:30:41]} 41. a6 {[%clk 0:07:22]} Ra7
{[%clk 0:23:21]} 42. Rc8 {[%clk 0:06:33]} Nxa6 {[%clk 0:20:20]} 43. Qd5
{[%clk 0:04:14]} Nc7 {[%clk 0:15:10]} 44. Qg8+ {[%clk 0:00:34]} Kh6
{[%clk 0:15:31]} 45. Rf8 {[%clk 0:00:39]} Nb5 {[%clk 0:12:34]} 46. Re8
{[%clk 0:00:43]} Qf7 {[%clk 0:11:54]} 47. g5+ {[%clk 0:00:35]} Kh5
{[%clk 0:11:51]} 48. Qxf7 {[%clk 0:00:33]} Rxf7 {[%clk 0:12:17]} 49. Rxe5
{[%clk 0:00:45]} Nd4 {[%clk 0:12:37]} 50. Rd5 {[%clk 0:00:37]} Nxf3
{[%clk 0:11:55]} 51. b4 {[%clk 0:00:36]} Nxg5 {[%clk 0:11:37]} 0-1

[Event "Ukrainian Women - 2013"]
[Site "http://ukrchess.org.ua/"]
[Date "2013.06.25"]
[Round "8.2"]
[White "Zhukova, Natalia"]
[Black "Andrenko, Irina"]
[Result "1-0"]
[LiveChessVersion "1.4.2"]
[BlackElo "2253"]
[WhiteElo "2471"]

1. d4 {[%clk 1:30:56]} Nf6 {[%clk 1:30:55]} 2. c4 {[%clk 1:31:16]} g6
{[%clk 1:31:21]} 3. Nc3 {[%clk 1:31:35]} Bg7 4. e4 {[%clk 1:31:50]} d6
{[%clk 1:32:15]} 5. Nf3 {[%clk 1:31:56]} O-O {[%clk 1:32:36]} 6. Be2
{[%clk 1:32:13]} c5 {[%clk 1:32:33]} 7. O-O {[%clk 1:32:15]} Re8 {[%clk 1:32:55]}
8. Rb1 {[%clk 1:30:06]} cxd4 {[%clk 1:13:20]} 9. Nxd4 {[%clk 1:30:27]} Nc6
{[%clk 1:13:44]} 10. Nc2 {[%clk 1:29:57]} Nd7 {[%clk 1:09:34]} 11. Bd2
{[%clk 1:29:00]} a5 {[%clk 1:08:47]} 12. Nb5 {[%clk 1:18:48]} Nc5
{[%clk 1:06:26]} 13. f3 {[%clk 1:19:09]} f5 {[%clk 0:54:46]} 14. Bc3
{[%clk 1:09:30]} Ne5 {[%clk 0:50:39]} 15. exf5 {[%clk 0:50:16]} Bxf5
{[%clk 0:45:27]} 16. g4 {[%clk 0:47:03]} Bd7 {[%clk 0:41:31]} 17. f4
{[%clk 0:45:58]} Nf7 {[%clk 0:39:40]} 18. Bxg7 {[%clk 0:45:20]} Kxg7
{[%clk 0:40:09]} 19. Ne3 {[%clk 0:34:13]} Bxb5 {[%clk 0:30:25]} 20. cxb5
{[%clk 0:34:27]} e6 {[%clk 0:30:33]} 21. Bc4 {[%clk 0:24:55]} Rc8
{[%clk 0:19:40]} 22. Qd4+ {[%clk 0:21:58]} Qf6 {[%clk 0:19:12]} 23. Qxf6+
{[%clk 0:21:23]} Kxf6 {[%clk 0:19:40]} 24. f5 {[%clk 0:21:17]} exf5
{[%clk 0:16:46]} 25. Nxf5 {[%clk 0:19:49]} gxf5 {[%clk 0:09:59]} 26. Rxf5+
{[%clk 0:20:12]} Kg7 {[%clk 0:10:07]} 27. Rxf7+ {[%clk 0:20:30]} Kh8
{[%clk 0:09:10]} 28. Rbf1 {[%clk 0:14:15]} Re4 {[%clk 0:08:39]} 29. R1f4
{[%clk 0:14:29]} Rce8 {[%clk 0:06:40]} 30. h4 {[%clk 0:14:17]} Re1+
{[%clk 0:06:10]} 31. Kg2 {[%clk 0:14:34]} Rb1 {[%clk 0:05:23]} 32. g5
{[%clk 0:12:31]} Rxb2+ {[%clk 0:05:00]} 33. Kf3 {[%clk 0:09:06]} Ne6
{[%clk 0:00:53]} 34. Re4 {[%clk 0:07:15]} Kg8 {[%clk 0:00:33]} 35. Rxb7
{[%clk 0:05:17]} d5 {[%clk 0:00:34]} 36. Bxd5 {[%clk 0:05:33]} Rf8+
{[%clk 0:00:32]} 37. Kg3 {[%clk 0:05:53]} Kh8 {[%clk 0:00:45]} 38. Rxe6
{[%clk 0:05:25]} 1-0

[Event "Ukrainian Women - 2013"]
[Site "http://ukrchess.org.ua/"]
[Date "2013.06.25"]
[Round "8.3"]
[White "Kononenko, Tatiana"]
[Black "Tansiura, Maria"]
[Result "1-0"]
[LiveChessVersion "1.4.2"]
[BlackElo "2195"]
[WhiteElo "2369"]

1. d4 {[%clk 1:30:56]} Nf6 {[%clk 1:30:54]} 2. c4 {[%clk 1:31:21]} e6
{[%clk 1:31:20]} 3. Nf3 {[%clk 1:31:40]} b6 {[%clk 1:31:45]} 4. a3
{[%clk 1:32:00]} Bb7 {[%clk 1:32:10]} 5. Nc3 {[%clk 1:32:10]} Ne4
{[%clk 1:32:34]} 6. Nxe4 {[%clk 1:31:01]} Bxe4 {[%clk 1:32:59]} 7. Nd2
{[%clk 1:31:29]} Bb7 {[%clk 1:33:24]} 8. e4 {[%clk 1:31:12]} d6 {[%clk 1:33:48]}
9. Bd3 {[%clk 1:28:15]} e5 {[%clk 1:34:10]} 10. d5 {[%clk 1:26:48]} a5
{[%clk 1:33:40]} 11. b3 {[%clk 1:06:03]} Be7 {[%clk 1:32:47]} 12. O-O
{[%clk 1:03:55]} O-O {[%clk 1:32:56]} 13. Rb1 {[%clk 0:56:29]} Nd7
{[%clk 1:32:15]} 14. Qc2 {[%clk 0:50:54]} Nf6 {[%clk 1:27:18]} 15. Be2
{[%clk 0:42:33]} Bc8 {[%clk 1:17:49]} 16. Re1 {[%clk 0:38:19]} Bd7
{[%clk 1:10:58]} 17. Nf1 {[%clk 0:37:51]} Ne8 {[%clk 1:07:16]} 18. Bd3
{[%clk 0:33:01]} g6 {[%clk 0:59:50]} 19. f4 {[%clk 0:21:40]} Ng7 {[%clk 0:38:10]}
20. fxe5 {[%clk 0:18:57]} dxe5 {[%clk 0:38:34]} 21. b4 {[%clk 0:19:15]} axb4
{[%clk 0:37:53]} 22. axb4 {[%clk 0:19:44]} Ra4 {[%clk 0:37:40]} 23. Qc3
{[%clk 0:17:09]} Qa8 {[%clk 0:35:28]} 24. Qxe5 {[%clk 0:14:50]} Bxb4
{[%clk 0:35:37]} 25. Rxb4 {[%clk 0:14:40]} Rxb4 {[%clk 0:36:02]} 26. Bh6
{[%clk 0:14:40]} Nh5 {[%clk 0:32:31]} 27. Ng3 {[%clk 0:11:06]} f6
{[%clk 0:12:42]} 28. Qe7 {[%clk 0:11:29]} Re8 {[%clk 0:11:06]} 29. Qxb4
{[%clk 0:11:21]} Nxg3 {[%clk 0:11:32]} 30. hxg3 {[%clk 0:11:43]} Qa7
{[%clk 0:10:41]} 31. Rf1 {[%clk 0:10:28]} Qa2 {[%clk 0:10:10]} 32. Qc3
{[%clk 0:10:25]} 1-0

[Event "Ukrainian Women - 2013"]
[Site "http://ukrchess.org.ua/"]
[Date "2013.06.25"]
[Round "8.4"]
[White "Kalinina, Olga"]
[Black "Dolzhykova, Kateryna"]
[Result "1/2-1/2"]
[LiveChessVersion "1.4.2"]
[BlackElo "2301"]
[WhiteElo "2292"]

1. e4 {[%clk 1:30:59]} c5 {[%clk 1:30:53]} 2. Nf3 {[%clk 1:31:25]} d6
{[%clk 1:30:55]} 3. d4 {[%clk 1:31:48]} cxd4 {[%clk 1:31:21]} 4. Nxd4
{[%clk 1:32:14]} Nf6 {[%clk 1:31:34]} 5. Nc3 {[%clk 1:32:42]} g6 {[%clk 1:27:47]}
6. Be3 {[%clk 1:32:34]} Bg7 {[%clk 1:27:34]} 7. f3 {[%clk 1:32:55]} Nc6
{[%clk 1:27:19]} 8. Qd2 {[%clk 1:32:36]} O-O {[%clk 1:26:21]} 9. g4
{[%clk 1:32:53]} Be6 {[%clk 1:23:38]} 10. Nxe6 {[%clk 1:33:07]} fxe6
{[%clk 1:24:05]} 11. Bc4 {[%clk 1:33:12]} d5 {[%clk 1:18:34]} 12. exd5
{[%clk 1:29:39]} Ne5 {[%clk 1:18:10]} 13. Be2 {[%clk 1:29:51]} Nxd5
{[%clk 1:08:50]} 14. Nxd5 {[%clk 1:28:26]} exd5 {[%clk 1:07:19]} 15. O-O-O
{[%clk 1:23:14]} e6 {[%clk 1:02:53]} 16. Rhf1 {[%clk 1:11:56]} Rc8
{[%clk 0:53:21]} 17. Bd4 {[%clk 1:04:13]} Nc4 {[%clk 0:44:25]} 18. Bxc4
{[%clk 1:04:27]} Rxc4 {[%clk 0:44:31]} 19. Bxg7 {[%clk 1:04:46]} Kxg7
{[%clk 0:44:55]} 20. f4 {[%clk 0:45:47]} Qf6 {[%clk 0:32:02]} 21. f5
{[%clk 0:43:35]} Rxg4 {[%clk 0:28:14]} 22. fxe6 {[%clk 0:43:25]} Qxf1
{[%clk 0:22:33]} 23. e7 {[%clk 0:43:48]} Qf4 {[%clk 0:21:04]} 24. exf8=Q+
{[%clk 0:43:02]} Kxf8 {[%clk 0:21:18]} 25. Qxf4+ Rxf4 26. Rxd5 {[%clk 0:43:29]}
Ke7 {[%clk 0:19:00]} 27. b3 {[%clk 0:39:56]} Rf1+ {[%clk 0:16:44]} 28. Kb2
{[%clk 0:31:23]} Rf2 {[%clk 0:14:45]} 29. h4 {[%clk 0:30:45]} Rf4
{[%clk 0:14:24]} 30. h5 {[%clk 0:20:35]} Rf5 {[%clk 0:13:58]} 31. Rxf5
{[%clk 0:20:45]} gxf5 {[%clk 0:14:26]} 32. c4 {[%clk 0:17:33]} Kf6
{[%clk 0:14:44]} 33. b4 {[%clk 0:14:00]} Ke5 {[%clk 0:15:00]} 34. Kc3
{[%clk 0:14:29]} Ke4 {[%clk 0:13:33]} 35. c5 {[%clk 0:14:32]} Kd5
{[%clk 0:10:25]} 36. Kd3 {[%clk 0:14:31]} f4 {[%clk 0:06:30]} 37. h6
{[%clk 0:14:10]} a6 {[%clk 0:04:35]} 38. Ke2 {[%clk 0:08:18]} Kc4
{[%clk 0:04:44]} 39. Kf3 {[%clk 0:08:34]} Kxb4 {[%clk 0:04:06]} 40. Kxf4
{[%clk 0:38:52]} Kxc5 {[%clk 0:32:24]} 41. Ke5 {[%clk 0:38:31]} b5
{[%clk 0:16:33]} 42. Kf6 {[%clk 0:38:54]} Kd6 {[%clk 0:16:56]} 43. Kg7
{[%clk 0:39:21]} Ke7 {[%clk 0:17:22]} 44. Kxh7 {[%clk 0:38:48]} Kf7
{[%clk 0:17:37]} 45. a3 {[%clk 0:30:24]} a5 {[%clk 0:16:43]} 46. a4
{[%clk 0:30:51]} b4 {[%clk 0:11:58]} 47. Kh8 {[%clk 0:31:16]} Kf8
{[%clk 0:11:01]} 48. h7 {[%clk 0:31:41]} Kf7 {[%clk 0:11:26]} 1/2-1/2

[Event "Ukrainian Women - 2013"]
[Site "http://ukrchess.org.ua/"]
[Date "2013.06.25"]
[Round "8.5"]
[White "Gritsayeva, Oksana"]
[Black "Osmak, Iulija"]
[Result "1/2-1/2"]
[LiveChessVersion "1.4.2"]
[BlackElo "2210"]
[WhiteElo "2340"]

1. e4 {[%clk 1:30:58]} e6 {[%clk 1:30:16]} 2. d4 {[%clk 1:31:23]} d5
{[%clk 1:30:43]} 3. Nd2 {[%clk 1:31:45]} c5 {[%clk 1:31:04]} 4. c3
{[%clk 1:32:01]} cxd4 {[%clk 1:31:28]} 5. cxd4 {[%clk 1:32:28]} dxe4
{[%clk 1:31:52]} 6. Nxe4 {[%clk 1:32:53]} Be7 {[%clk 1:32:16]} 7. Nf3
{[%clk 1:32:48]} Nf6 {[%clk 1:32:31]} 8. Nc3 {[%clk 1:32:49]} O-O
{[%clk 1:32:29]} 9. Bd3 {[%clk 1:32:53]} Bd7 {[%clk 1:21:20]} 10. O-O
{[%clk 1:32:34]} Bc6 {[%clk 1:21:39]} 11. Bc2 {[%clk 1:32:12]} Bxf3
{[%clk 1:20:47]} 12. Qxf3 {[%clk 1:32:16]} Nc6 {[%clk 1:21:11]} 13. Be3
{[%clk 1:19:13]} Nb4 {[%clk 1:09:32]} 14. Bb3 {[%clk 1:17:07]} Nbd5
{[%clk 1:06:23]} 15. Rac1 {[%clk 1:12:53]} Qd7 {[%clk 1:04:46]} 16. Bg5
{[%clk 1:07:56]} Nxc3 {[%clk 0:53:38]} 17. bxc3 {[%clk 1:00:43]} Rac8
{[%clk 0:50:13]} 18. Rfe1 {[%clk 0:57:09]} Nd5 {[%clk 0:46:03]} 19. Bd2
{[%clk 0:54:40]} b5 {[%clk 0:42:51]} 20. Qe4 {[%clk 0:49:27]} Rc7
{[%clk 0:38:44]} 21. h4 {[%clk 0:44:32]} Ba3 {[%clk 0:37:25]} 22. Rb1
{[%clk 0:37:58]} Nxc3 {[%clk 0:35:18]} 23. Bxc3 {[%clk 0:38:21]} Rxc3
{[%clk 0:35:44]} 24. d5 {[%clk 0:37:02]} exd5 {[%clk 0:35:30]} 25. Bxd5
{[%clk 0:37:02]} Bc5 {[%clk 0:29:17]} 26. Rbd1 {[%clk 0:36:36]} Qc7
{[%clk 0:29:13]} 27. Qf5 {[%clk 0:36:01]} g6 {[%clk 0:22:06]} 28. Qe4
{[%clk 0:32:55]} Bb6 {[%clk 0:19:42]} 29. h5 {[%clk 0:29:29]} Qg3
{[%clk 0:11:08]} 30. Re2 {[%clk 0:27:58]} gxh5 {[%clk 0:10:42]} 31. Bb3
{[%clk 0:25:46]} Qg6 {[%clk 0:10:17]} 32. Rd5 {[%clk 0:20:25]} Rc5
{[%clk 0:05:51]} 33. Rxc5 {[%clk 0:19:42]} Bxc5 {[%clk 0:06:18]} 34. Qd5
{[%clk 0:18:53]} Bb6 {[%clk 0:05:24]} 35. Bc2 {[%clk 0:17:44]} Qg7
{[%clk 0:04:41]} 36. Qxh5 {[%clk 0:16:53]} Kh8 {[%clk 0:04:12]} 37. g4
{[%clk 0:13:39]} f6 {[%clk 0:03:04]} 38. Bf5 {[%clk 0:12:22]} Qf7
{[%clk 0:02:49]} 39. Qh6 {[%clk 0:09:38]} Qg7 {[%clk 0:02:30]} 40. Qh5
{[%clk 0:37:42]} Qf7 {[%clk 0:32:48]} 41. Re6 {[%clk 0:33:07]} Qxh5
{[%clk 0:31:31]} 42. gxh5 {[%clk 0:33:34]} Kg7 {[%clk 0:29:20]} 43. Re7+
{[%clk 0:33:28]} Rf7 {[%clk 0:29:41]} 44. h6+ {[%clk 0:33:16]} Kf8
{[%clk 0:29:30]} 45. Rxf7+ {[%clk 0:29:13]} Kxf7 {[%clk 0:29:55]} 46. Bxh7
{[%clk 0:29:39]} a5 {[%clk 0:28:10]} 1/2-1/2

[Event "Ukrainian Women - 2013"]
[Site "http://ukrchess.org.ua/"]
[Date "2013.06.26"]
[Round "9.1"]
[White "Muzychuk, Mariya"]
[Black "Kononenko, Tatiana"]
[Result "1/2-1/2"]
[LiveChessVersion "1.4.2"]
[BlackElo "2369"]
[WhiteElo "2484"]

1. d4 {[%clk 1:30:57]} d5 {[%clk 1:28:59]} 2. c4 {[%clk 1:31:19]} c6
{[%clk 1:29:20]} 3. cxd5 {[%clk 1:31:33]} cxd5 {[%clk 1:29:41]} 4. Nc3
{[%clk 1:31:54]} Nf6 {[%clk 1:29:43]} 5. Bf4 {[%clk 1:32:00]} Nc6
{[%clk 1:29:31]} 6. e3 {[%clk 1:31:57]} a6 {[%clk 1:28:57]} 7. Bd3
{[%clk 1:31:55]} Bg4 {[%clk 1:26:19]} 8. Nge2 {[%clk 1:32:04]} e6
{[%clk 1:16:16]} 9. O-O {[%clk 1:32:13]} Be7 {[%clk 1:08:26]} 10. Rc1
{[%clk 1:32:08]} O-O {[%clk 1:06:32]} 11. Na4 {[%clk 1:31:36]} Nd7
{[%clk 0:54:50]} 12. f3 {[%clk 1:30:52]} Bh5 {[%clk 0:55:10]} 13. Qb3
{[%clk 1:30:45]} Ra7 {[%clk 0:46:42]} 14. Bg3 {[%clk 1:27:38]} Bg6
{[%clk 0:43:20]} 15. Nf4 {[%clk 1:26:22]} Bxd3 {[%clk 0:39:25]} 16. Nxd3
{[%clk 1:22:55]} Na5 {[%clk 0:38:20]} 17. Qd1 {[%clk 1:20:47]} Nc4
{[%clk 0:28:23]} 18. Qe2 {[%clk 1:19:35]} b5 {[%clk 0:25:34]} 19. Nac5
{[%clk 1:15:59]} Bg5 {[%clk 0:21:47]} 20. Bf2 {[%clk 1:12:56]} Nxc5
{[%clk 0:16:11]} 21. Nxc5 {[%clk 1:12:09]} Qa8 {[%clk 0:13:36]} 22. b3
{[%clk 1:10:31]} Nd6 {[%clk 0:13:04]} 23. Rc2 {[%clk 1:07:09]} Re8
{[%clk 0:11:04]} 24. Rfc1 {[%clk 0:55:31]} h6 {[%clk 0:10:51]} 25. Nd3
{[%clk 0:48:31]} Nf5 {[%clk 0:09:52]} 26. Ne5 {[%clk 0:47:58]} Be7
{[%clk 0:07:10]} 27. g4 {[%clk 0:42:40]} Nd6 {[%clk 0:07:35]} 28. Bg3
{[%clk 0:42:32]} Bf8 {[%clk 0:07:53]} 29. Rc6 {[%clk 0:18:27]} b4
{[%clk 0:06:48]} 30. Ng6 {[%clk 0:14:27]} fxg6 {[%clk 0:06:41]} 31. Bxd6
{[%clk 0:14:51]} Bxd6 {[%clk 0:06:05]} 32. Rxd6 {[%clk 0:15:17]} a5
{[%clk 0:01:52]} 33. Qd3 {[%clk 0:11:45]} g5 {[%clk 0:01:25]} 34. Qg6
{[%clk 0:11:12]} Rae7 {[%clk 0:01:32]} 35. Rcc6 {[%clk 0:10:52]} e5
{[%clk 0:01:21]} 36. Rxd5 {[%clk 0:04:23]} exd4 {[%clk 0:01:43]} 37. Rxd4
{[%clk 0:04:10]} Rxe3 {[%clk 0:01:23]} 38. Rd7 {[%clk 0:03:03]} R8e7
{[%clk 0:01:02]} 39. Rxe7 {[%clk 0:02:28]} Rxe7 {[%clk 0:01:30]} 40. Qc2
{[%clk 0:31:47]} Qa7+ {[%clk 0:00:51]} 41. Qc5 {[%clk 0:28:45]} Qd7
{[%clk 0:20:08]} 42. Rd6 {[%clk 0:21:50]} Qe8 {[%clk 0:20:02]} 43. Qd5+
{[%clk 0:21:25]} Kh7 {[%clk 0:18:40]} 44. Qd3+ {[%clk 0:20:43]} g6
{[%clk 0:19:08]} 45. Kg2 {[%clk 0:18:56]} Qf7 {[%clk 0:16:17]} 46. Rd8
{[%clk 0:17:33]} Qe6 {[%clk 0:14:41]} 47. Qd4 {[%clk 0:13:58]} Qe2+
{[%clk 0:14:29]} 48. Qf2 {[%clk 0:14:23]} Qe5 {[%clk 0:12:31]} 49. Ra8
{[%clk 0:11:55]} Rf7 {[%clk 0:11:11]} 50. Qd2 {[%clk 0:10:56]} h5
{[%clk 0:08:56]} 51. gxh5 {[%clk 0:06:12]} gxh5 {[%clk 0:09:24]} 52. Qd3+
{[%clk 0:04:41]} Kg7 {[%clk 0:09:45]} 53. Ra6 {[%clk 0:04:55]} Qb2+
{[%clk 0:07:56]} 54. Kg3 {[%clk 0:05:13]} Qe5+ {[%clk 0:07:27]} 55. Kg2
{[%clk 0:05:33]} Qb2+ {[%clk 0:07:10]} 56. Kg3 {[%clk 0:05:52]} Qe5+
{[%clk 0:07:06]} 1/2-1/2

[Event "Ukrainian Women - 2013"]
[Site "http://ukrchess.org.ua/"]
[Date "2013.06.26"]
[Round "9.2"]
[White "Osmak, Iulija"]
[Black "Zhukova, Natalia"]
[Result "1/2-1/2"]
[LiveChessVersion "1.4.2"]
[BlackElo "2471"]
[WhiteElo "2210"]

1. e4 {[%clk 1:30:58]} e5 {[%clk 1:30:47]} 2. Nf3 {[%clk 1:31:21]} Nc6
{[%clk 1:31:07]} 3. Bb5 {[%clk 1:31:46]} Nge7 {[%clk 1:31:17]} 4. d4
{[%clk 1:30:19]} exd4 {[%clk 1:29:44]} 5. Nxd4 {[%clk 1:30:39]} a6
{[%clk 1:18:12]} 6. Nxc6 {[%clk 1:20:50]} Nxc6 {[%clk 1:16:08]} 7. Bxc6
{[%clk 1:13:29]} bxc6 {[%clk 1:13:57]} 8. Qd4 {[%clk 1:13:19]} Qf6
{[%clk 0:52:48]} 9. Qxf6 {[%clk 1:10:12]} gxf6 {[%clk 0:53:15]} 10. Bf4
{[%clk 0:59:48]} Rb8 {[%clk 0:50:16]} 11. b3 {[%clk 0:59:46]} d6 {[%clk 0:50:12]}
12. Nd2 {[%clk 0:59:06]} Bg7 {[%clk 0:42:34]} 13. O-O-O {[%clk 0:48:49]} f5
{[%clk 0:42:03]} 14. Rhe1 {[%clk 0:48:38]} fxe4 {[%clk 0:41:24]} 15. Nxe4
{[%clk 0:48:36]} O-O {[%clk 0:40:50]} 16. Bd2 {[%clk 0:42:32]} Bf5
{[%clk 0:32:50]} 1/2-1/2

[Event "Ukrainian Women - 2013"]
[Site "http://ukrchess.org.ua/"]
[Date "2013.06.26"]
[Round "9.3"]
[White "Andrenko, Irina"]
[Black "Gaponenko, Inna"]
[Result "0-1"]
[LiveChessVersion "1.4.2"]
[BlackElo "2393"]
[WhiteElo "2253"]

1. e4 {[%clk 1:30:58]} c5 {[%clk 1:30:52]} 2. Nf3 {[%clk 1:31:24]} d6
{[%clk 1:31:18]} 3. d4 {[%clk 1:31:51]} cxd4 {[%clk 1:31:43]} 4. Nxd4
{[%clk 1:32:18]} Nf6 {[%clk 1:32:08]} 5. Nc3 {[%clk 1:32:44]} Nc6
{[%clk 1:32:29]} 6. Bg5 {[%clk 1:33:03]} e6 {[%clk 1:29:06]} 7. Qd2
{[%clk 1:32:59]} a6 {[%clk 1:23:22]} 8. f4 {[%clk 1:31:22]} h6 {[%clk 1:09:38]}
9. Bxf6 {[%clk 1:23:17]} Qxf6 {[%clk 1:08:01]} 10. Nf3 {[%clk 1:22:24]} g5
{[%clk 0:42:03]} 11. fxg5 {[%clk 1:14:49]} hxg5 {[%clk 0:42:24]} 12. Qxg5
{[%clk 1:14:56]} Qxg5 {[%clk 0:42:47]} 13. Nxg5 {[%clk 1:15:24]} b5
{[%clk 0:42:13]} 14. Nf3 {[%clk 1:11:33]} Bb7 {[%clk 0:41:53]} 15. O-O-O
{[%clk 1:00:51]} Ke7 {[%clk 0:42:10]} 16. Kb1 {[%clk 1:00:22]} Bg7
{[%clk 0:41:27]} 17. Bd3 {[%clk 0:42:53]} Ne5 {[%clk 0:40:46]} 18. Ne2
{[%clk 0:40:16]} Ng4 {[%clk 0:34:13]} 19. Rdf1 {[%clk 0:36:54]} Rag8
{[%clk 0:31:39]} 20. Ng3 {[%clk 0:19:06]} Bf6 {[%clk 0:19:14]} 21. a3
{[%clk 0:06:58]} Nxh2 {[%clk 0:10:00]} 22. Rxh2 {[%clk 0:07:15]} Rxh2
{[%clk 0:10:22]} 23. Nxh2 {[%clk 0:07:39]} Rxg3 {[%clk 0:10:46]} 24. Rf2
{[%clk 0:07:57]} Re3 {[%clk 0:07:28]} 25. Ka2 {[%clk 0:03:17]} Bd4
{[%clk 0:03:30]} 26. Rf3 {[%clk 0:03:16]} Re1 {[%clk 0:03:00]} 27. Rf1
{[%clk 0:03:34]} Rxf1 {[%clk 0:03:09]} 28. Nxf1 {[%clk 0:04:00]} d5
{[%clk 0:03:32]} 29. Nd2 {[%clk 0:02:48]} Be3 {[%clk 0:03:51]} 30. Nf1
{[%clk 0:02:51]} Bg5 {[%clk 0:03:39]} 31. e5 {[%clk 0:01:19]} Bf4
{[%clk 0:03:53]} 32. c3 {[%clk 0:00:55]} Bxe5 {[%clk 0:03:49]} 33. a4
{[%clk 0:01:05]} bxa4 {[%clk 0:02:52]} 34. Ka3 {[%clk 0:00:50]} d4
{[%clk 0:02:51]} 35. cxd4 {[%clk 0:01:14]} Bxd4 {[%clk 0:03:10]} 36. g3
{[%clk 0:01:06]} f5 {[%clk 0:01:29]} 37. Kxa4 {[%clk 0:00:51]} Bxb2
{[%clk 0:01:43]} 38. Ka5 {[%clk 0:01:09]} Bd4 {[%clk 0:01:01]} 39. Kb4
{[%clk 0:00:44]} Bb6 {[%clk 0:00:49]} 40. Be2 {[%clk 0:30:36]} e5
{[%clk 0:30:46]} 41. Nd2 {[%clk 0:28:59]} Bf2 {[%clk 0:29:34]} 42. g4
{[%clk 0:29:09]} Be1 {[%clk 0:29:21]} 43. Kc3 {[%clk 0:29:33]} f4
{[%clk 0:27:51]} 44. Kd3 {[%clk 0:29:35]} Bxd2 {[%clk 0:27:35]} 45. Kxd2
{[%clk 0:30:04]} Kf6 {[%clk 0:27:37]} 46. Ke1 {[%clk 0:29:56]} Kg5
{[%clk 0:27:33]} 47. Kf2 {[%clk 0:30:18]} e4 {[%clk 0:26:23]} 0-1

[Event "Ukrainian Women - 2013"]
[Site "http://ukrchess.org.ua/"]
[Date "2013.06.26"]
[Round "9.4"]
[White "Dolzhykova, Kateryna"]
[Black "Gritsayeva, Oksana"]
[Result "1/2-1/2"]
[LiveChessVersion "1.4.2"]
[BlackElo "2340"]
[WhiteElo "2301"]

1. e4 {[%clk 1:30:50]} e5 {[%clk 1:30:38]} 2. Nf3 {[%clk 1:30:54]} Nc6
{[%clk 1:30:29]} 3. Bb5 {[%clk 1:30:05]} a6 {[%clk 1:26:46]} 4. Bxc6
{[%clk 1:28:33]} dxc6 {[%clk 1:26:16]} 5. O-O {[%clk 1:28:49]} f6
{[%clk 1:23:39]} 6. d4 {[%clk 1:29:00]} Bg4 {[%clk 1:21:42]} 7. dxe5
{[%clk 1:25:43]} Qxd1 {[%clk 1:21:43]} 8. Rxd1 {[%clk 1:26:11]} fxe5
{[%clk 1:14:07]} 9. Rd3 {[%clk 1:26:23]} Bxf3 {[%clk 1:14:20]} 10. gxf3
{[%clk 1:25:02]} Bd6 {[%clk 1:12:44]} 11. Nd2 {[%clk 1:20:48]} Nf6
{[%clk 1:09:47]} 12. Nc4 {[%clk 1:17:37]} O-O-O {[%clk 1:03:20]} 13. f4
{[%clk 1:15:22]} Nxe4 {[%clk 0:55:08]} 14. fxe5 {[%clk 1:15:16]} Bc5
{[%clk 0:54:21]} 1/2-1/2